000 02111nam a2200349 i 4500
003 EG-GICUC
005 20260310131918.0
008 260122s2019 ua |||fr|||| 00| 0 ara d
017 _a21925/2018
020 _a9789777613101
040 _a EG-GICUC
_bara
_c EG-GICUC
_d EG-GICUC
_erda
041 0 _aAra
082 0 4 _221
_a343.39
_bأ و . ح
092 0 4 _221
099 _aLaw1 10 343.39 أ و . ح 2019
100 0 _aأوان عبدالله الفيضى
_eمؤلف.
245 1 2 _aالحجية الشرعية والقانونية للبصمة الوراثية فى إثبات النسب :
_bدراسة تحليلية مقارنة.
_nالمجلد الأول /
_cتأليف دكتور أوان عبدالله الفيضى.
250 _aالطبعة الأولى
264 1 _aالقاهرة :
_bالمركز القومى للإصدارات القانونية،
_c2019.
300 _a180 صفحة؛
_c24 سم.
336 _2rda content
_atext
337 _2rda media
_aComputer
338 _2rda carrier
_aOnline Resource
500 _aالتعريف بالبصمة الوراثية - مدلولات البصمة الوراثية - خصائص البصمة الوراثية - ضوابط وشروط العمل بالبصمة الوراثية - ضوابط إجراء تحليل العمل بالبصمة الوراثية - شروط العمل بالبصمة الوراثية فى الفقه الإسلامى والقانون الوضعى - حكم إستخدام البصمة الوراثية فى إثبات النسب - حجية البيانات فى الإثبات القضائى - المذاهب الفقهية فى إثبات النسب بالبصمة الوراثية - إمكانية الإستفادة من البصمة الوراثية والآثار الفقهية المترتبة عليها.
546 _aالنص باللغة العربية
650 1 _aالإثبات الجنائى
_2qrmak
650 1 _aالقانون الجنائى
_2qrmak
651 1 _2qrmak
856 4 0 _uhttps://fll.law.cu.edu.eg/fulltext/bks/B10-07841.pdf
905 _a54
_eYara
942 _2ddc
_cBK
_e21
_n0
999 _c58590
_d58590